000
00289nam a2200121Ia 4500
008
241002s9999 xx 000 0 und d
082
_a
155 KNI
100
_a
Knight, Rex
245
2
_a
A Modern Introduction to Psychology
260
_a
Tutorial:
_c
N/A
600
_a
Philosophy
942
_c
UC
999
_c
18423
_d
18423